| 000 | 00844nam a2200193 i 4500 | ||
|---|---|---|---|
| 001 | 161205 | ||
| 003 | ES-MaACL | ||
| 005 | 20230906212221.0 | ||
| 008 | 981002s1855 fr |||| | fre d | ||
| 040 |
_aCAM _bspa _cCAM |
||
| 100 | 0 |
_aFederico Ozanam _cBeato. _988069 |
|
| 245 | 1 | 0 |
_aMélanges religion, philosophie, politique, jurisprudence, biographies, discours, voyages / _cpar A.F. Ozanam. |
| 260 |
_aParis : _bJacques Lecoffre et c\pie\s, _c1855 ( _fImp. Simon Raçon) |
||
| 300 |
_a2 v. ([4], 520; 595 p.) ; _c21 cm. |
||
| 490 | 1 | _aOeuvres completes de A.F. Ozanam; 7; 8 | |
| 830 | 0 |
_aOeuvres completes de A.F. Ozanam; 7; 8 _9222092 |
|
| 852 |
_aES-MaACL _jG-8324-25 _z-- Enc. hol. _x-- Edic.: El imp. es: Imp. Simon Raçon et comp. -- En la antep. consta la serie: (Oeuvres completes de A.F. Ozanam; 7; 8) |
||
| 999 |
_c161205 _d161205 |
||